A- Z of childhood health problems / (Record no. 4753)

MARC details
000 -LEADER
fixed length control field 00558nam a22002057a 4500
003 - CONTROL NUMBER IDENTIFIER
control field OSt
005 - DATE AND TIME OF LATEST TRANSACTION
control field 20160715152101.0
008 - FIXED-LENGTH DATA ELEMENTS--GENERAL INFORMATION
fixed length control field 160715b xxu||||| |||| 00| 0 eng d
020 ## - INTERNATIONAL STANDARD BOOK NUMBER
International Standard Book Number 0748737162
040 ## - CATALOGING SOURCE
Transcribing agency 040a
082 ## - DEWEY DECIMAL CLASSIFICATION NUMBER
Classification number WA 320
Item number G376a 1999
100 ## - MAIN ENTRY--PERSONAL NAME
Personal name Gilbert, Patricia
9 (RLIN) 2208
245 ## - TITLE STATEMENT
Title A- Z of childhood health problems /
Statement of responsibility, etc. Patricia Gilbert
250 ## - EDITION STATEMENT
Edition statement 2nd.ed
260 ## - PUBLICATION, DISTRIBUTION, ETC. (IMPRINT)
Place of publication, distribution, etc. Cheltenham
Name of publisher, distributor, etc. Stanley Thornes
Date of publication, distribution, etc. 1999
300 ## - PHYSICAL DESCRIPTION
Extent viii, 223p;
Other physical details ill :
Dimensions 20 cm.
504 ## - BIBLIOGRAPHY, ETC. NOTE
Bibliography, etc Includes index
650 ## - SUBJECT ADDED ENTRY--TOPICAL TERM
Topical term or geographic name as entry element Childhood health
9 (RLIN) 10231
942 ## - ADDED ENTRY ELEMENTS (KOHA)
Source of classification or shelving scheme Other/Generic Classification Scheme
Koha item type Open Shelf
Holdings
Withdrawn status Lost status Source of classification or shelving scheme Damaged status Not for loan Home library Current library Date acquired Source of acquisition Inventory number Total Checkouts Full call number Barcode Date last seen Price effective from Koha item type
    Other/Generic Classification Scheme     MUST Main Library MUST Main Library 15/07/2016   2001/15264   WA 320 G376a 1999 2016-3193 15/07/2016 15/07/2016 Open Shelf